Equal opportunities campaign (Record no. 117521)
[ view plain ]
| 000 -LEADER | |
|---|---|
| fixed length control field | 00877cam a2200205 4500 |
| 001 - CONTROL NUMBER | |
| control field | WB4023-18 |
| 008 - FIXED-LENGTH DATA ELEMENTS--GENERAL INFORMATION | |
| fixed length control field | 040616n2004 000 0 eng u |
| 035 ## - SYSTEM CONTROL NUMBER | |
| System control number | (Sirsi) u126484 |
| 245 ## - TITLE STATEMENT | |
| Title | Equal opportunities campaign |
| 260 ## - PUBLICATION, DISTRIBUTION, ETC. | |
| Date of publication, distribution, etc. | 2004 |
| 490 ## - SERIES STATEMENT | |
| Series statement | Equal Opportunities Commission Press Release |
| Volume/sequential designation | 15 June 2004 (4) |
| 520 ## - SUMMARY, ETC. | |
| Summary, etc. | The Equal Opportunities Commission has launched a campaign, Know your place, to encourage women to work in areas like plumbing, engineering, construction and ICT. Campaign details are available from the EOC website http://www.eoc.org.uk/cseng/policyandcampaigns/kno w_your_place_campaign.asp. http://www.eoc.org.uk/cseng/news/15_june_jive_camp aign.asp |
| 590 ## - LOCAL NOTE (RLIN) | |
| Local note | WB |
| 590 ## - LOCAL NOTE (RLIN) | |
| Local note | WB |
| 650 ## - SUBJECT ADDED ENTRY--TOPICAL TERM | |
| Topical term or geographic name entry element | EQUAL OPPORTUNITIES |
| 650 ## - SUBJECT ADDED ENTRY--TOPICAL TERM | |
| Topical term or geographic name entry element | WOMEN |
| 650 ## - SUBJECT ADDED ENTRY--TOPICAL TERM | |
| Topical term or geographic name entry element | CAREER OPPORTUNITIES |
| 690 ## - LOCAL SUBJECT ADDED ENTRY--TOPICAL TERM (OCLC, RLIN) | |
| Topical term or geographic name as entry element | TRAINING AND CAREER DEVELOPMENT |
| 942 ## - ADDED ENTRY ELEMENTS (KOHA) | |
| Suppress in OPAC | 0 |
| Withdrawn status | Lost status | Source of classification or shelving scheme | Damaged status | Not for loan | Home library | Current library | Shelving location | Date acquired | Total Checkouts | Full call number | Barcode | Date last seen | Copy number | Price effective from | Koha item type |
|---|---|---|---|---|---|---|---|---|---|---|---|---|---|---|---|
| Dewey Decimal Classification | London | London | News article | 16/06/2004 | WB4023-18 | 126484-1001 | 06/08/2019 | 1 | 06/08/2019 | News article |